El derecho a la asistencia religiosa en los tanatorios

Bibliographic Details
Main Author: Satorras Fioretti, Rosa Mara̕
Format: Unknown
Language:Spanish
Published: Barcelona : BOSCH EDITOR, 2004
Subjects:
Online Access:Acceso restringido

MARC

LEADER 00000ny a22000003n 4500
005 20110621104551.0
006 m u
007 cr cn|||||||||
008 200805r20042008sp |||||s|||||||||||spa d
020 |a 9788476987094 
035 |a 606 
040 |a FlNmELB  |c FlNmELB  |d vlex 
050 1 4 |a KKT3078  |b S253 2004eb 
080 |a 348.01/.07(460) 
090 |c 1339  |d 1339 
100 1 |a Satorras Fioretti, Rosa Mara̕ 
245 1 3 |a El derecho a la asistencia religiosa en los tanatorios  |h [Recurso electrn̤ico]  |c Rosa Mara̕ Satorras Fioretti 
256 |a Servicio en ln̕ea 
260 |a Barcelona :  |b BOSCH EDITOR,  |c 2004 
300 |a 9-210 p 
506 1 |a Contenido solo disponible en los productos indicados  |d vLex Global  |d vLex Global (Academic Edition, excluding Law Schools)  |d vLex Global (U.S. Academic Edition, Law Schools)  |d vLex Global (U.S. Academic Edition, excluding Law Schools)  |d vLex Global (Academic Edition, Law Schools) 
650 0 7 |a Proteccin̤ de los derechos fundamentales de la persona  |2 Tesauro vLex 
650 0 7 |a Administrativo  |2 Tesauro vLex 
650 0 7 |a Servicios sociales  |2 Tesauro vLex 
740 0 |a vLex Libros (Servicios en ln̕ea) 
856 4 0 |u http://vlex.com/source/606  |z Acceso restringido 
942 |c BOOK